|
|
|
|
| LEADER |
00789nab a2200205 i 4500 |
| 001 |
acta6402 |
| 005 |
20220923125034.0 |
| 008 |
161015s1972 hu o 0|| hun d |
| 022 |
|
|
|a 0324-6523
|
| 040 |
|
|
|a SZTE Egyetemi Kiadványok Repozitórium
|b hun
|
| 041 |
|
|
|a hun
|
| 100 |
1 |
|
|a Balázs József
|
| 245 |
1 |
2 |
|a A bűnözés mérésének elméleti alapkérdései
|h [elektronikus dokumentum] /
|c Balázs József
|
| 260 |
|
|
|a Szegedi Tudományegyetem Állam- és Jogtudományi Kara
|b Szeged
|c 1972
|
| 300 |
|
|
|a 1-100
|
| 490 |
0 |
|
|a Acta Universitatis Szegediensis : acta juridica et politica
|v 19 No. 1
|
| 650 |
|
4 |
|a Társadalomtudományok
|
| 650 |
|
4 |
|a Szociológia
|
| 695 |
|
|
|a Kriminálstatisztika
|
| 856 |
4 |
0 |
|u http://acta.bibl.u-szeged.hu/6402/1/juridpol_019_fasc_001_001-100.pdf
|z Dokumentum-elérés
|